Detalles MARC
| 000 -LIDER |
| fixed length control field |
00810nam a22002537a 4500 |
| 001 - NÚMERO DE CONTROL |
| Identificador de número de control |
240018 |
| 003 - IDENTIFICACDOR DE NÚMERO DE CONTROL |
| control field |
DO-SdBNP |
| 005 - DATE AND TIME OF LATEST TRANSACTION |
| control field |
20180126140039.0 |
| 007 - CAMPOS FIJOS DE DESCRIPCIÓN FÍSICA |
| fixed length control field |
240018 |
| 008 - ELEMENTOS DE LONGITUD FIJA |
| fixed length control field |
160317b 1981 xxu||||| |||| 00| 0 spa d |
| 020 ## - ISBN |
| International Standard Book Number |
0816399832 |
| 040 ## - FUENTE DE CATALOGACIÓN |
| Agencia que crea de manera original el registro |
BPMSU |
| Idioma de catalogación |
spa |
| Agencia que realiza la transcripción |
BPMSU |
| 041 17 - CÓDIGOS DE OBRAS TRADUCIDAS O EN VARIOS IDIOMAS |
| Código del idioma del texto/archivo de sonido o separata |
spa |
| Cód. del idioma original y/o traducciones intermedias del texto |
eng |
| 092 ## - LOCALLY ASSIGNED DEWEY DECIMAL CALL NUMBER |
| Número de clasificación |
xxxx |
| Número de ítem (Cutter) |
xxxx |
| 100 1# - ASIENTO PRINCIPAL -- NOMBRE PERSONAL |
| Nombre personal |
knight, Juan F. |
| 240 10 - TITULO UNIFORME |
| Título uniforme |
What a young man should know about sex. |
| Idioma de una obra |
Español |
| 245 10 - MENCIÓN DE TITULO |
| Título |
La joven moderno y el sexo : |
| Subtítulo |
soluciones a problemas personales / |
| Mención de responsabilidad |
Juan F. Knight ; traducción Juan José Suárez. |
| 260 ## - PUBLICACIÓN, DISTRIBUCIÓN, ETC. (PIE DE IMPRENTA) |
| Lugar de publicación, distribución, etc |
Bogotá ; San Juan, P.R. : |
| Nombre del editor, distribuidor, etc. |
Publicaciones Interamericanas, |
| Fecha de publicación, distribución, etc |
1981. |
| 300 ## - DESCRIPCIÓN FÍSICA |
| Extensión |
191 p. : |
| Otros detalles físicos |
il., retrs. ; |
| Dimensiones |
23 cm. |
| 700 12 - ASIENTO SECUNDARIO -- NOMBRE PERSONAL |
| Nombre personal |
Suárez, Juan José, |
| Fechas asociadas con el nombre |
tr. |
| 942 ## - ADDED ENTRY ELEMENTS (KOHA) |
| Source of classification or shelving scheme |
Dewey Decimal Classification |
| Koha item type |
Libros |
| 945 ## - INFORMACIÓN DE PROCESAMIENTO LOCAL |
| Información de procesamiento local |
Inventariado, 2018 / BT |
| 956 ## - LOCAL ELECTRONIC LOCATION AND ACCESS (OCLC) |
| Método de acceso |
LOPEREZ |
| Materiales especificados |
10 |